Großstadt, Mittelstadt oder Kleinstadt? - Statistiken

Allgemein
  • Dieses Quiz wurde 229 mal gespielt
  • Das Durchschnittsergebnis liegt bei 12 aus 15
Antwortstatistiken
Hint Antwort % Korrekt
Hamburg Großstadt
97%
Leipzig Großstadt
97%
Wuppertal Großstadt
90%
Bad Schandau Kleinstadt
85%
Altötting Kleinstadt
85%
Celle Mittelstadt
80%
Osnabrück Großstadt
79%
Frankfurt (Oder) Mittelstadt
76%
Freilassing Kleinstadt
74%
Koblenz Großstadt
72%
Kempten (Allgäu) Mittelstadt
72%
Bad Segeberg Kleinstadt
66%
Flensburg Mittelstadt
64%
Rothenburg ob der Tauber Kleinstadt
57%
Viersen Mittelstadt
57%
Keine übereinstimmenden Quizze gefunden
Verteilung der Resultate
Anzahl Personen mit jedem Resultat
Perzentil nach korrekt beantworteten Fragen
Ihre Resultats-Entwicklung
Sie haben dieses Quiz noch nicht gespielt